Daylighting and Sunlighting (Record no. 115254)
[ view plain ]
| 000 -LEADER | |
|---|---|
| fixed length control field | 01539cam a22002775a 4500 |
| 001 - CONTROL NUMBER | |
| control field | L158300 |
| 005 - DATE AND TIME OF LATEST TRANSACTION | |
| control field | 20260203104801.0 |
| 008 - FIXED-LENGTH DATA ELEMENTS--GENERAL INFORMATION | |
| fixed length control field | 130313s2012 xxk 000 0 eng u |
| 020 ## - INTERNATIONAL STANDARD BOOK NUMBER | |
| International Standard Book Number | 9781842198414 |
| 035 ## - SYSTEM CONTROL NUMBER | |
| System control number | (Sirsi) u158300 |
| 041 0# - LANGUAGE CODE | |
| Language code of text/sound track or separate title | eng |
| 110 2# - MAIN ENTRY--CORPORATE NAME | |
| Corporate name or jurisdiction name as entry element | Royal Institution of Chartered Surveyors |
| 9 (RLIN) | 4900 |
| 245 00 - TITLE STATEMENT | |
| Title | Daylighting and Sunlighting |
| Remainder of title | RICS guidance note |
| Medium | [electronic resource] |
| 260 ## - PUBLICATION, DISTRIBUTION, ETC. | |
| Place of publication, distribution, etc. | Coventry |
| Name of publisher, distributor, etc. | RICS |
| Date of publication, distribution, etc. | 2012 |
| 490 #0 - SERIES STATEMENT | |
| Series statement | RICS Guidance Note |
| 490 #0 - SERIES STATEMENT | |
| Series statement | RICS Professional Standard |
| 500 ## - GENERAL NOTE | |
| General note | This document was reissued in October 2023 as a professional standard. It was previously published in October 2012 as a professional statement. The regulatory requirements remain the same |
| 520 ## - SUMMARY, ETC. | |
| Summary, etc. | Focuses on daylight, sunlight and shading and, to a lesser extent, how it is dealt with in the design, planning, and environmental impact assessment of developments, and particularly in relation to the BRE Report Site layout planning for daylight and sunlight 2011, which sets out the standards and methods of calculation most usually relied upon by local authorities when assessing planning applications. |
| 590 ## - LOCAL NOTE (RLIN) | |
| Local note | KA |
| 651 #4 - SUBJECT ADDED ENTRY--GEOGRAPHIC NAME | |
| Geographic name | United Kingdom |
| 690 ## - LOCAL SUBJECT ADDED ENTRY--TOPICAL TERM (OCLC, RLIN) | |
| Topical term or geographic name as entry element | Planning and development |
| 9 (RLIN) | 6259 |
| 690 ## - LOCAL SUBJECT ADDED ENTRY--TOPICAL TERM (OCLC, RLIN) | |
| Topical term or geographic name as entry element | Environment |
| 9 (RLIN) | 6238 |
| 856 41 - ELECTRONIC LOCATION AND ACCESS | |
| Uniform Resource Identifier | <a href="https://www.isurv.com/downloads/file/4695/daylighting_and_sunlighting_1st_edition">https://www.isurv.com/downloads/file/4695/daylighting_and_sunlighting_1st_edition</a> |
| Public note | Available on iSurv |
| 856 41 - ELECTRONIC LOCATION AND ACCESS | |
| Uniform Resource Identifier | <a href="https://www.rics.org/content/dam/ricsglobal/documents/standards/Daylighting-and-sunlighting.pdf">https://www.rics.org/content/dam/ricsglobal/documents/standards/Daylighting-and-sunlighting.pdf</a> |
| Public note | Available on RICS.org |
| 942 ## - ADDED ENTRY ELEMENTS (KOHA) | |
| Suppress in OPAC | 0 |
| Source of classification or shelving scheme | Dewey Decimal Classification |
| Withdrawn status | Lost status | Source of classification or shelving scheme | Damaged status | Not for loan | Home library | Current library | Shelving location | Date acquired | Total Checkouts | Full call number | Barcode | Date last seen | Copy number | Price effective from | Koha item type |
|---|---|---|---|---|---|---|---|---|---|---|---|---|---|---|---|
| Dewey Decimal Classification | London | London | RICS Boxes | 13/11/2015 | RICS 2012/30 | 158300-3001 | 06/08/2019 | 1 | 06/08/2019 | Book | |||||
| Dewey Decimal Classification | Virtual | Virtual | Online | 01/12/2014 | iSurv | 158300-2001 | 06/08/2019 | 1 | 06/08/2019 | Book |